Electrónica en imágenes / (Record no. 37397)

MARC details
000 -LEADER
campo de control de longitud fija 00559nam a2200181 i 4500
001 - NÚMERO DE CONTROL
campo de control 37397
003 - IDENTIFICADOR DE NÚMERO DE CONTROL
campo de control ES-MaACL
005 - FECHA Y HORA DE LA ÚLTIMA TRANSACCIÓN
campo de control 20230906155551.0
007 - CAMPO FIJO DE DESCRIPCIÓN FÍSICA--INFORMACIÓN GENERAL
campo de control de longitud fija t|
008 - DATOS DE LONGITUD FIJA--INFORMACIÓN GENERAL
campo de control de longitud fija 030221s1963 sp ||||1| spa d
100 1# - ENTRADA PRINCIPAL--NOMBRE DE PERSONA
Nombre de persona Buescher, Gustav.
9 (RLIN) 181716
245 10 - MENCIÓN DEL TÍTULO
Título Electrónica en imágenes /
Mención de responsabilidad, etc. por Gustav Büscher ; traducción por José María Vidal Llenas.
260 ## - PUBLICACIÓN, DISTRIBUCIÓN, ETC.
Lugar de publicación, distribución, etc. Barcelona, etc. :
Nombre del editor, distribuidor, etc. Labor,
Fecha de publicación, distribución, etc. 1963.
300 ## - DESCRIPCIÓN FÍSICA
Extensión 228 p. :
Otras características físicas il. ;
Dimensiones 26 cm.
700 1# - ENTRADA AGREGADA--NOMBRE PERSONAL
Nombre de persona Vidal Llenas, José María.
9 (RLIN) 114499
852 ## - LOCALIZACIÓN
Ubicación ES-MaACL
Número de control de estantería C-23997
Sublocalización o colección R.52960
Holdings
Estatus retirado Estado de pérdida Estado de daño No para préstamo Biblioteca de origen Biblioteca actual Ubicación en estantería Fecha de adquisición Fuente de adquisición Total de préstamos Signatura topográfica completa Código de barras Visto por última vez Precio de reemplazo Tipo de ítem Koha
        Biblioteca del Ateneo de Madrid Biblioteca del Ateneo de Madrid Depósito 2 17/01/2008     C-23997 1039356 23/02/2023 23/02/2023 Libro impreso